00707nam a2200169 a 450000100100000000500170001000800410002704000250006811000520009324500810014526000360022630000270026271000520028904900090034195201700035099900170052000002741120211025112953.0091002s1984 dr a 000 0 spa d aDO-SdBNPbspacBNPHU2 aCorporación Dominicano de Electricidad91603510aCentrales hidroeléctricas de la Coporación Dominicana de Electricidad./. aSanto Domingo :bC.D.E.,c1984. a68 P. :bil. ;c22 cm.2 aCorporación Dominicano de Electricidad916035 aBNPD 0010718PDaPDbPDcCTd2011-03-31iLF1l0o p27411-10r2020-06-25w2020-06-25yLFPDzPerteneció a la biblioteca personal de Germán Emilio Ornes.ZNo se presta c26903d26903